| 000 | 00621cam a2200157 4500 | ||
|---|---|---|---|
| 082 | 0 | 0 |
_a388.11 _bWAL |
| 100 | 1 |
_aWalters, A. A. _938388 |
|
| 245 | 1 | 4 |
_aThe economics of road user charges _c[by] A. A. Walters. |
| 260 |
_a[Washington, _bInternational Bank for Reconstruction and Development]; distributed by Johns Hopkins Press, Baltimore _c[1968] |
||
| 300 |
_axiii, 243 p. _billus. _c23 cm. |
||
| 526 |
_a0 _b0 _c0 _d388_110000000000000_WAL |
||
| 650 | 0 |
_aTransportation, Automotive _xCost of operation. _938557 |
|
| 650 | 0 |
_aTransportation, Automotive _xTaxation. _938617 |
|
| 650 | 0 |
_aUser charges. _938618 |
|
| 942 |
_2ddc _cBK |
||
| 999 |
_c543249 _d543249 |
||